000 01378nam0a2200337 i 4500
001 RU\NLR\BIBL_A\011222458
005 20240921190556.0
010 _a9785845921192
_9200
021 _aRU
_b2016-71109
_94591
035 _a(NLR Aleph) 011222458
090 _a12032269
_c12032269
100 _a20161003d2016 u y0rusy50 ca
101 1 _arus
_ceng
102 _aRU
105 _aa|||z|||001yy
200 1 _aАнализ сильных и слабых сторон компании
_eопределение стратегических возможностей
_fПер Дженстер, Дэвид Хасси
_g[пер. с англ. О. Л. Пелявского]
210 _aМосква [и др.]
_cВильямс
_d2016
215 _a364 с.
_cил.
_d24
300 _aЗагл. и авт. ориг.: Company analysis / Per Jenster, David Hussey
320 _aБиблиогр. в конце разделов
320 _aПредм. указ.: с. 359-364
454 0 _12001#$aCompany analysis
_1700#1$aJenster$bP.$gPer
_1701#1$aHussey$bD.$gDavid
_tCompany analysis
_aJenster, Per
606 1 _aФирмы
_xЭкономика
_92107839
_3RU\NLR\AUTH\661274140
675 _a658
686 1 _aУ29(0)
700 1 _aДженстер
_bП.
_gПер
701 1 _aХасси
_bД.
_gДэвид
942 _cBOOK
980 _aNBR